000 01170cam a22002651i 4500
003 SA-RiAUC
005 20251221124627.0
008 251202s1996 su g bc f000 0 ara c
040 _aEG-CaDAJ
_bara
_cSA-RiAUC
_erda
043 _aa-su---
082 0 4 _a016.220953122
090 _a016.220
_bج ا م
110 2 _aالجامعة الإسلامية بالمدينة المنورة.
_bعمادة شؤون المكتبات
_eمؤلف.
245 1 0 _aفهرس كتب علوم القرآن /
_cعمادة شؤون المكتبات، الجامعة الإسلامية.
264 1 _a[الرياض] :
_bوزارة التعليم العالي،
_c[1996]
300 _a443 صفحة؛
_c30 سم.
336 _aنص
_btxt
_2rdacontent
_3كتاب
337 _aبدون وسيط
_bn
_2rdamedia
338 _aمجلد
_bnc
_2rdacarrier
610 2 7 _aالجامعة الإسلامية (المدينة المنورة).
_bعمادة شؤون المكتبات
_vفهارس
_2aucnm
630 2 4 _aالقرآن
_xعلوم
_zالمدينة المنورة
_vببليوجرافيات
_2aucut
730 2 2 _aالقرآن
942 _2ddc
_cBOOK
_n0
949 _aSA-JeALM
_d251202
_umohamedma123
_n1
999 _c13604
_d13604